000 01753nam a2200421 a 4500
001 ebr10676729
003 CaPaEBR
006 m u
007 cr cn|||||||||
008 080801s2008 nyuac sb 001 0beng d
010 _z 2008032260
020 _z9781604567731 (hardcover)
020 _z1604567732 (hardcover)
020 _z9781616680541 (e-book)
040 _aCaPaEBR
_cCaPaEBR
035 _a(OCoLC)755208715
043 _an-us---
_an-us-ny
050 1 4 _aE387
_b.L65 2008eb
082 0 4 _a973.5/7092
_aB
_222
100 1 _aLoizeau, Pierre-Marie.
245 1 0 _aMartin Van Buren
_h[electronic resource] :
_bthe little magician /
_cPierre-Marie Loizeau.
260 _aNew York :
_bNova Science Publishers, Inc.,
_cc2008.
300 _axvii, 232 p. :
_bill., ports.
490 1 _aFirst men, America's presidents series
504 _aIncludes bibliographical references (p. [189]-195) and index.
533 _aElectronic reproduction.
_bPalo Alto, Calif. :
_cebrary,
_d2013.
_nAvailable via World Wide Web.
_nAccess may be limited to ebrary affiliated libraries.
600 1 0 _aVan Buren, Martin,
_d1782-1862.
610 2 0 _aDemocratic Party (U.S.)
_xHistory
_y19th century.
650 0 _aPresidents
_zUnited States
_vBiography.
650 0 _aGovernors
_zNew York (State)
_vBiography.
650 0 _aLegislators
_zNew York (State)
_vBiography.
651 0 _aUnited States
_xPolitics and government
_y1837-1841.
651 0 _aNew York (State)
_xPolitics and government
_y1775-1865.
655 7 _aElectronic books.
_2local
710 2 _aebrary, Inc.
830 0 _aFirst men, America's presidents.
856 4 0 _uhttp://site.ebrary.com/lib/rucke/Doc?id=10676729
_zAn electronic book accessible through the World Wide Web; click to view
999 _c166471
_d166471